| Tag |
First Indicator |
Second Indicator |
Subfields |
| LEADER |
00000cam a2200000 a 4500 |
| 001 |
in00000088089 |
| 005 |
20151008065013.0 |
| 008 |
820216s1981 ne b 00100 eng d |
| 020 |
|
|
|a 9004061169
|
| 035 |
|
|
|a (OCoLC)08159624
|
| 035 |
|
|
|9 AAK5190AM
|
| 040 |
|
|
|a COD
|c COD
|d TXA
|d UtOrBLW
|
| 049 |
|
|
|a TXAC
|c [1502733]
|
| 090 |
|
|
|a G1786.E44
|b H57
|
| 245 |
0 |
3 |
|a An Historical atlas of Islam /
|c edited by William C. Brice, under the patronage of the Encyclopaedia of Islam.
|
| 255 |
|
|
|a Scale varies.
|
| 264 |
|
1 |
|a Leiden [The Netherlands] :
|b Brill,
|c 1981.
|
| 300 |
|
|
|a 1 atlas (viii, 71 pages) :
|b [70] color maps ;
|c 41 cm.
|
| 336 |
|
|
|a text
|b txt
|2 rdacontent
|
| 337 |
|
|
|a unmediated
|b n
|2 rdamedia
|
| 338 |
|
|
|a volume
|b nc
|2 rdacarrier
|
| 500 |
|
|
|a Includes bibliographical references and indexes.
|
| 650 |
|
0 |
|a Islam
|x Historical geography
|x Maps.
|
| 651 |
|
0 |
|a Islamic countries
|x History
|x Maps.
|
| 700 |
1 |
|
|a Brice, William C.
|q (William Charles),
|d 1921-2007.
|
| 740 |
0 |
|
|a Encyclopaedia of Islam.
|
| 999 |
|
|
|a MARS
|
| 999 |
f |
f |
|s 6a20e7a3-ea35-3b91-b746-ea2d81aca4ae
|i 5f6ba632-df6f-3b14-901f-697e64fd13fd
|t 0
|
| 952 |
f |
f |
|p noncirc
|a Texas A&M University
|b College Station
|c Sterling C. Evans Library
|d Evans: Maps (2nd floor)
|t 0
|e G1786.E44 H57
|f Oversize
|h Library of Congress classification
|i unmediated -- volume
|m A14806060275
|
| 998 |
f |
f |
|a G1786.E44 H57
|t 0
|l Evans: Maps (2nd floor)
|